Nam Bộ 300 năm làm thuỷ lợi

Sparad:
Bibliografiska uppgifter
Huvudupphovsman: Phan, Khánh
Materialtyp: Bok
Språk:Undetermined
Publicerad: Hà Nội Nông nghiệp 2005
Ämnen:
Taggar: Lägg till en tagg
Inga taggar, Lägg till första taggen!
Thư viện lưu trữ: Trung tâm Học liệu Trường Đại học Cần Thơ
LEADER 00530nam a2200193Ia 4500
001 CTU_100738
008 210402s9999 xx 000 0 und d
020 |c 22000 
082 |a 627.5978 
082 |b Kh107 
100 |a Phan, Khánh 
245 0 |a Nam Bộ 300 năm làm thuỷ lợi 
245 0 |c Phan Khánh 
260 |a Hà Nội 
260 |b Nông nghiệp 
260 |c 2005 
650 |a Hydraulic engineering; irrigation 
904 |i Hiếu 
980 |a Trung tâm Học liệu Trường Đại học Cần Thơ